00558nam a2200193Ia 450000500170000000800410001702000180005804100120007608200130008810000160010124500780011725000120019526000540020730000220026165000240028365000170030765000240032465000160034820260429111925.0260429s9999||||xx |||||||||||||| ||und|| a9788119808878 aEnglish a954bLAM aLama, G. K. 0aArchaeological investigations in the Ganga plain (2005-17) / cG. K. Lama a1st ed. aNew Delhi : bB.R. Publishing Corporation,c2025. axxiii, 360 p.; hb a Excavation reports a Ganga plain a Indian archaeology aArchaeology